| 000 | 00483nam a2200169 a 4500 | ||
|---|---|---|---|
| 001 | 6068 | ||
| 005 | 20180713185923.0 | ||
| 008 | 140415s1991 mx 000 0 spa d | ||
| 041 | _aspa | ||
| 082 |
_a001.51 _bARR |
||
| 100 | 1 | _aARRIETA ERDOZAIN, LUIS | |
| 245 | 1 | 3 |
_aUN CONCEPTO DE COMUNICACION ORGANIZACIONAL : _bLA REVISTA INTERNA Y LA HISTORIETA EN LA EMPRESA |
| 250 | _a1a ed. | ||
| 260 |
_aMEXICO : _bDIANA, _c1991 |
||
| 300 | _a142 | ||
| 650 | 1 | 4 | _aCOMUNICACION |
| 999 |
_c6068 _d6068 |
||